New international dictionary of Old Testament theology & exegesis / (Record no. 7169)
[ view plain ]
| 000 -LEADER | |
|---|---|
| fixed length control field | 00877cam a2200253 a 4500 |
| 001 - CONTROL NUMBER | |
| control field | 3524011 |
| 005 - DATE AND TIME OF LATEST TRANSACTION | |
| control field | 20250725124622.0 |
| 008 - FIXED-LENGTH DATA ELEMENTS--GENERAL INFORMATION | |
| fixed length control field | 960405s1997 miu bd 001 0 eng |
| 020 ## - INTERNATIONAL STANDARD BOOK NUMBER | |
| International Standard Book Number | 0310214009 |
| Qualifying information | set |
| 020 ## - INTERNATIONAL STANDARD BOOK NUMBER | |
| International Standard Book Number | 0310481708 |
| Qualifying information | v. 1 |
| 020 ## - INTERNATIONAL STANDARD BOOK NUMBER | |
| International Standard Book Number | 0310202175 |
| Qualifying information | v. 2 |
| 020 ## - INTERNATIONAL STANDARD BOOK NUMBER | |
| International Standard Book Number | 9780310214007 |
| Qualifying information | (set) |
| 020 ## - INTERNATIONAL STANDARD BOOK NUMBER | |
| International Standard Book Number | 9780310481706 |
| Qualifying information | (v. 1) |
| 020 ## - INTERNATIONAL STANDARD BOOK NUMBER | |
| International Standard Book Number | 9780310202172 |
| Qualifying information | (v. 2) |
| 050 00 - LIBRARY OF CONGRESS CALL NUMBER | |
| Classification number | BS440 |
| Item number | .N438 1997 |
| 082 00 - DEWEY DECIMAL CLASSIFICATION NUMBER | |
| Classification number | 221.3 |
| Edition information | 20 |
| 245 00 - TITLE STATEMENT | |
| Title | New international dictionary of Old Testament theology & exegesis / |
| Statement of responsibility, etc. | Willem A. VanGemeren, general editor. |
| 260 ## - PUBLICATION, DISTRIBUTION, ETC. | |
| Place of publication, distribution, etc. | Grand Rapids, Mich. : |
| Name of publisher, distributor, etc. | Zondervan Pub. House, |
| Date of publication, distribution, etc. | c1997. |
| 300 ## - PHYSICAL DESCRIPTION | |
| Extent | 5 v. ; |
| Dimensions | 25 cm. |
| 650 #0 - SUBJECT ADDED ENTRY--TOPICAL TERM | |
| Topical term or geographic name entry element | Hebrew language |
| Form subdivision | Glossaries, vocabularies, etc. |
| 700 1# - ADDED ENTRY--PERSONAL NAME | |
| Personal name | VanGemeren, Willem. |
| 856 42 - ELECTRONIC LOCATION AND ACCESS | |
| Materials specified | Publisher description |
| Uniform Resource Identifier | <a href="http://www.loc.gov/catdir/enhancements/fy0633/96015006-d.html">http://www.loc.gov/catdir/enhancements/fy0633/96015006-d.html</a> |
| 942 ## - ADDED ENTRY ELEMENTS (KOHA) | |
| Source of classification or shelving scheme | Library of Congress Classification |
| Koha item type | Books |
| Suppress in OPAC | No |
| 999 ## - | |
| -- | 7169 |
| -- | 7169 |
| Withdrawn status | Lost status | Source of classification or shelving scheme | Damaged status | Not for loan | Collection | Home library | Current library | Shelving location | Date acquired | Total checkouts | Full call number | Barcode | Date last seen | Copy number | Price effective from | Koha item type |
|---|---|---|---|---|---|---|---|---|---|---|---|---|---|---|---|---|
| Library of Congress Classification | Reference | Undergraduate Library (Christ Temple) | Undergraduate Library (Christ Temple) | General stacks | 07/25/2025 | REF BS440 NEW | ulct00004166 | 07/25/2025 | 1 | 07/25/2025 | Books | |||||
| Library of Congress Classification | Reference | Undergraduate Library (Christ Temple) | Undergraduate Library (Christ Temple) | General stacks | 07/25/2025 | REF BS440 NEW | ulct00004178 | 07/25/2025 | 1 | 07/25/2025 | Books |